[Event "Championnat de la Loire Open"]
[Site "?"]
[Date "2002.05.25"]
[Round "7"]
[White "Veyrat, Gerard"]
[Black "Soler, Gerald"]
[Result "1-0"]
[WhiteElo "1110"]
[BlackElo "1160"]
[PlyCount "61"]

1. Nf3 d5 2. d4 e6 3. c4 Nf6 4. e3 dxc4 5. Bxc4 b6 6. Nc3 Bb7 7. O-O Be7 8. e4
Nxe4 9. Nxe4 Bxe4 10. Qe2 Bb7 11. Ne5 O-O 12. Be3 Nd7 13. Rfd1 Nf6 14. f3 Bd6
15. Bg5 h6 16. Bh4 Qe7 17. Ng4 c5 18. d5 Rfe8 19. Nxf6+ gxf6 20. Qe3 Qf8 21.
dxe6 fxe6 22. Bxe6+ Kh8 23. Rxd6 Re7 24. Rad1 Rae8 25. Qf4 Rxe6 26. Rxe6 Rxe6
27. Rd6 Rxd6 28. g4 Rd4 29. Bxf6+ Kh7 30. Qf5+ Kg8 31. Qg6+ 1-0

[Event "Championnat de la Loire Open"]
[Site "?"]
[Date "2002.05.25"]
[Round "8"]
[White "Fuster, Pierre"]
[Black "Gidon, Rene"]
[Result "1-0"]
[WhiteElo "1699"]
[BlackElo "1570"]
[PlyCount "71"]

1. e4 e5 2. Nf3 Nc6 3. Bc4 Be7 4. d4 exd4 5. Nxd4 Nf6 6. Nc3 d6 7. f3 Ne5 8.
Bb3 O-O 9. Be3 b6 10. Nd5 Nxd5 11. Bxd5 Rb8 12. h3 Bh4+ 13. Ke2 Ba6+ 14. Kd2
Nc4+ 15. Bxc4 Bxc4 16. Nc6 Qd7 17. Nxb8 Rxb8 18. Kc1 Re8 19. b3 Bb5 20. Bd4
Bg5+ 21. Kb2 c5 22. Bc3 Bc6 23. Qd3 Bb5 24. Qd5 Qe7 25. Rad1 Bf4 26. g3 Bxg3
27. Rhg1 Be5 28. Bxe5 dxe5 29. Rg3 g6 30. a4 Ba6 31. Qd7 Qh4 32. Qxe8+ Kg7 33.
Qxe5+ Kh6 34. Rd5 f6 35. Qd6 Bb7 36. Qf8# 1-0

[Event "Championnat de la Loire Open"]
[Site "?"]
[Date "2002.05.25"]
[Round "8"]
[White "Treveys, Maxime"]
[Black "Valentin, Alain"]
[Result "1/2-1/2"]
[WhiteElo "1660"]
[BlackElo "1690"]
[PlyCount "50"]

1. d4 Nf6 2. c4 e6 3. Nc3 Bb4 4. Nf3 O-O 5. e3 b6 6. Bd3 Bb7 7. O-O Bxc3 8.
bxc3 Ne4 9. Qc2 f5 10. Rd1 Ng5 11. Nxg5 Qxg5 12. e4 Qg6 13. f3 d6 14. Qe2 Nd7
15. exf5 exf5 16. Bd2 Rae8 17. Qf2 Ba6 18. Re1 Qf7 19. Qf1 d5 20. cxd5 Bxd3 21.
Qxd3 Qxd5 22. Rxe8 Rxe8 23. a3 c5 24. Be3 c4 25. Qd2 Nf6 1/2-1/2

[Event "Championnat de la Loire Open"]
[Site "?"]
[Date "2002.05.25"]
[Round "8"]
[White "Walter, Alain"]
[Black "Bournez, Gerard"]
[Result "1-0"]
[WhiteElo "1740"]
[BlackElo "1540"]
[PlyCount "81"]

1. e4 c5 2. Nc3 Nc6 3. g3 e5 4. Bg2 d6 5. d3 Nf6 6. h3 h6 7. f4 Nd4 8. Nf3 a6
9. O-O b5 10. fxe5 Nxf3+ 11. Qxf3 dxe5 12. Nd5 Be7 13. Be3 O-O 14. Nxf6+ Bxf6
15. Bxh6 Be6 16. Be3 Rc8 17. h4 Qd7 18. Qf2 c4 19. Rad1 Qc7 20. d4 exd4 21.
Bxd4 Bxd4 22. Rxd4 Qc5 23. c3 Rfd8 24. Rxd8+ Kh7 25. Rxc8 Qxf2+ 26. Rxf2 Bxc8
27. Rxf7 a5 28. Rc7 Bg4 29. e5 Kg8 30. Kf2 Kf8 31. Bd5 Bh5 32. Ke3 Be8 33. Kf4
g6 34. Kg5 b4 35. Be4 bxc3 36. bxc3 a4 37. a3 Kg8 38. Rc8 Kf7 39. Bxg6+ Kf8 40.
h5 Kg7 41. h6+ 1-0

[Event "Championnat de la Loire Open"]
[Site "?"]
[Date "2002.05.25"]
[Round "8"]
[White "Carrot, Patrick"]
[Black "Trenteseaux, Alain"]
[Result "1-0"]
[WhiteElo "1780"]
[BlackElo "1390"]
[PlyCount "46"]

1. e4 c5 2. Nf3 e6 3. d4 cxd4 4. Nxd4 a6 5. c4 d6 6. Nc3 Nf6 7. Bg5 Be7 8. Rc1
O-O 9. Bd3 Nc6 10. Nxc6 bxc6 11. O-O Bd7 12. Qc2 e5 13. Rfd1 Qc7 14. a3 Be6 15.
c5 d5 16. Bxf6 Bxf6 17. exd5 cxd5 18. Nxd5 Qc6 19. Nxf6+ gxf6 20. Bxh7+ Kh8 21.
Be4 Qb5 22. Qd2 Kg7 23. Rc3 f5 1-0

[Event "Championnat de la Loire Open"]
[Site "?"]
[Date "2002.05.25"]
[Round "8"]
[White "Conesa, Antoine"]
[Black "Pareux, Marc"]
[Result "1-0"]
[WhiteElo "1380"]
[BlackElo "1580"]
[PlyCount "103"]

1. e4 g6 2. d4 Bg7 3. Nf3 c6 4. c3 d5 5. Bd3 dxe4 6. Bxe4 Nf6 7. Bd3 Nbd7 8.
O-O O-O 9. Be3 Qc7 10. Nbd2 c5 11. Re1 cxd4 12. Bxd4 Re8 13. Bc4 e6 14. h3 Nb6
15. Bb3 a5 16. a4 Nbd5 17. Ba2 Bd7 18. Be5 Qc8 19. Nc4 Rd8 20. Nd6 Qc5 21. Nxb7
Qa7 22. Nxd8 Rxd8 23. Bd4 Qb7 24. Qd2 Qa8 25. b3 Bc6 26. Ne5 Bb7 27. f3 Ne7 28.
Qb2 Nf5 29. Rad1 Nxd4 30. cxd4 Nd5 31. Nd3 Qa7 32. Nc5 Ba8 33. Kh1 Nf4 34. Qf2
Nh5 35. Bb1 Qc7 36. Ne4 f5 37. g4 Nf4 38. Ng5 Qb6 39. Qe3 Nd5 40. Qxe6+ Qxe6
41. Rxe6 h6 42. Rde1 hxg5 43. Re8+ Rxe8 44. Rxe8+ Kh7 45. Rxa8 Nf4 46. Rxa5
Nxh3 47. gxf5 Nf4 48. fxg6+ Kh6 49. d5 Nxg6 50. Bxg6 Kxg6 51. d6 Bf6 52. d7 1-0

[Event "Championnat de la Loire Open"]
[Site "?"]
[Date "2002.05.25"]
[Round "8"]
[White "Rengame, Mohane"]
[Black "Gerey, Jean-Pierre"]
[Result "1-0"]
[WhiteElo "1460"]
[BlackElo "1330"]
[PlyCount "45"]

1. c4 e5 2. Nc3 c5 3. Nf3 Nc6 4. b3 Nf6 5. Bb2 d6 6. e3 Bf5 7. d4 Nb4 8. Rc1
Ne4 9. a3 Nxc3 10. Bxc3 Na2 11. Rc2 Bxc2 12. Qxc2 Nxc3 13. Qxc3 f6 14. Bd3 Be7
15. O-O O-O 16. Be4 Qb6 17. Bd5+ Kh8 18. Rb1 a5 19. Qd3 Qa6 20. Nh4 g6 21.
Nxg6+ hxg6 22. Qxg6 Rg8 23. Qh6# 1-0

[Event "Championnat de la Loire Open"]
[Site "?"]
[Date "2002.05.25"]
[Round "8"]
[White "Doran, Niall"]
[Black "Langlade, Remy"]
[Result "1-0"]
[WhiteElo "1100"]
[BlackElo "1499"]
[PlyCount "113"]

1. e4 e5 2. Nf3 Nc6 3. Bc4 Bc5 4. O-O d6 5. d3 h6 6. Be3 Bg4 7. Bxc5 dxc5 8.
Qd2 Nd4 9. Nxe5 Bh5 10. f3 Qf6 11. Ng4 Qg6 12. c3 Nf5 13. exf5 Qxf5 14. Qe3+
Kf8 15. Re1 Bxg4 16. fxg4 Qxg4 17. Qxc5+ Ne7 18. Qxe7+ Kg8 19. Bxf7+ Kh7 20.
Qe4+ Qxe4 21. Rxe4 Rhf8 22. Rf4 Rad8 23. d4 g5 24. Rf1 Kg7 25. Bh5 Rd5 26. Rxf8
Kxf8 27. Nd2 c5 28. Rf1+ Ke7 29. Nb3 b6 30. Rf7+ Ke6 31. Rxa7 cxd4 32. Bf7+ Kd6
33. Bxd5 Kxd5 34. Nxd4 Ke4 35. Ra6 h5 36. Rxb6 g4 37. Rh6 g3 38. hxg3 Kd3 39.
a4 Kd2 40. a5 h4 41. gxh4 Kc1 42. a6 Kxb2 43. Rc6 Kc1 44. a7 Kd1 45. Nf5 Ke2
46. a8=Q Kd2 47. Qa2+ Kd3 48. Rd6+ Ke4 49. Qd5+ Kf4 50. Qd4+ Kxf5 51. Rd5+ Ke6
52. Qe5+ Kf7 53. Rd7+ Kg6 54. Rd6+ Kf7 55. Qe6+ Kg7 56. Qe7+ Kg8 57. Rd8# 1-0

[Event "Championnat de la Loire Open"]
[Site "?"]
[Date "2002.05.25"]
[Round "8"]
[White "Bourgin, Christian"]
[Black "Mialon, Franck"]
[Result "1-0"]
[WhiteElo "1490"]
[BlackElo "1280"]
[PlyCount "69"]

1. d4 f5 2. c4 Nf6 3. Nc3 e6 4. Bf4 Be7 5. Nf3 O-O 6. Qc2 Nc6 7. e4 fxe4 8.
Nxe4 Bb4+ 9. Bd2 Bxd2+ 10. Nexd2 Nb4 11. Qb3 Nc6 12. Rc1 d5 13. Bd3 a5 14. a4
Bd7 15. cxd5 exd5 16. O-O Bg4 17. Qxb7 Nb4 18. Be2 Qd6 19. Qxc7 Qe6 20. Qe5 Qb6
21. Rfe1 Rae8 22. Qg3 Re6 23. h3 Bxf3 24. Bxf3 Rxe1+ 25. Rxe1 Kh8 26. Re7 Rg8
27. Nb3 Qc6 28. Qc7 Qxa4 29. Bd1 Qa2 30. Qxa5 Qb1 31. Qxb4 Qxd1+ 32. Kh2 Qh5
33. f3 Qh4 34. Qd6 g5 35. Qxf6+ 1-0

[Event "Championnat de la Loire Open"]
[Site "?"]
[Date "2002.05.25"]
[Round "8"]
[White "Pupier, Terry"]
[Black "Brachet, Gerard"]
[Result "1-0"]
[WhiteElo "1410"]
[BlackElo "1370"]
[PlyCount "117"]

1. e4 e5 2. Nf3 Nc6 3. d4 exd4 4. Nxd4 Qe7 5. Nc3 Nf6 6. Bg5 Qe5 7. Bxf6 gxf6
8. Nxc6 dxc6 9. Bc4 Be6 10. Bxe6 fxe6 11. O-O Bd6 12. g3 O-O-O 13. Qf3 Rdf8 14.
Qe3 f5 15. Kh1 Kb8 16. f4 Qc5 17. Qxc5 Bxc5 18. e5 h5 19. Na4 Bb6 20. Nxb6 cxb6
21. h4 Rd8 22. Rad1 Kc7 23. Kg2 Rxd1 24. Rxd1 Rd8 25. Rxd8 Kxd8 26. Kf3 c5 27.
b3 b5 28. c4 b4 29. Ke3 a6 30. Kd3 Kc7 31. Kc2 Kc6 32. Kb2 b5 33. Kc2 a5 34.
Kd3 Kb6 35. Kc2 a4 36. Kd3 Ka5 37. cxb5 Kxb5 38. bxa4+ Kxa4 39. Kc4 Ka3 40.
Kxc5 Kxa2 41. Kxb4 Kb2 42. Kc5 Kc3 43. Kd6 Kd4 44. Kxe6 Ke4 45. Kd6 Kf3 46. e6
Kxg3 47. e7 Kxh4 48. e8=Q Kg4 49. Qg6+ Kxf4 50. Qxh5 Ke4 51. Qh3 f4 52. Qh5 Ke3
53. Kd5 f3 54. Qe5+ Kf2 55. Kd4 Kg2 56. Ke3 f2 57. Qe4+ Kf1 58. Qf3 Kg1 59.
Qxf2+ 1-0

[Event "Championnat de la Loire Open"]
[Site "?"]
[Date "2002.05.25"]
[Round "8"]
[White "Veyrat, Gerard"]
[Black "Vinot, Raoul"]
[Result "0-1"]
[WhiteElo "1110"]
[BlackElo "1370"]
[PlyCount "98"]

1. Nf3 d5 2. d4 Nf6 3. c4 e6 4. e3 Nbd7 5. Bd3 c6 6. O-O Be7 7. Nbd2 O-O 8. e4
dxe4 9. Nxe4 Nxe4 10. Bxe4 Nf6 11. Qc2 Nxe4 12. Qxe4 f5 13. Qf4 b6 14. Qg3 Kh8
15. Bf4 Rf6 16. Rad1 Rg6 17. Qh3 Bf6 18. Ne5 Bxe5 19. dxe5 Qe7 20. Rd2 Bb7 21.
Rfd1 Rb8 22. Rd7 Qe8 23. Qh4 c5 24. Rd8 Rxg2+ 25. Kf1 Rg4 26. Rxe8+ Rxe8 27.
Qd8 Bc6 28. Rd6 h6 29. Rxc6 Rxd8 30. Be3 Rg6 31. a3 Rf8 32. Rc7 f4 33. Bd2 Rf5
34. Bc3 f3 35. Rxa7 Rg2 36. Ke1 Rh5 37. Re7 Rg6 38. b4 Rxh2 39. Rf7 Rg1+ 40.
Kd2 Rxf2+ 41. Ke3 Rgf1 42. bxc5 bxc5 43. a4 Re2+ 44. Kf4 g5+ 45. Kg4 Kg8 46.
Re7 f2 47. Rxe6 Rg1+ 48. Kh5 f1=Q 49. Kg6 Qf7+ 0-1

[Event "Championnat de la Loire Open"]
[Site "?"]
[Date "2002.05.25"]
[Round "8"]
[White "Bruyas, Benjamin"]
[Black "Campoy, Jean"]
[Result "0-1"]
[WhiteElo "1260"]
[BlackElo "1470"]
[PlyCount "68"]

1. Nf3 Nc6 2. c4 Nf6 3. b3 e5 4. g3 d6 5. Bg2 Be7 6. Bb2 O-O 7. O-O Bf5 8. d4
exd4 9. Nxd4 Nxd4 10. Qxd4 c5 11. Qd1 Qc8 12. Re1 Kh8 13. Bc3 Bg4 14. Bh1 h6
15. Qd3 Bh5 16. e4 Bg6 17. Qd2 Nh7 18. e5 Re8 19. Na3 a6 20. exd6 Bf6 21. Bxf6
Rxe1+ 22. Rxe1 Nxf6 23. Re7 Qd8 24. Bxb7 Ra7 25. Qf4 Qb6 26. Bf3 Rxe7 27. dxe7
Qe6 28. Qb8+ Kh7 29. Qb7 Nd7 30. Qc6 Qxe7 31. Qxa6 Ne5 32. Bd5 Nd3 33. Nc2 Qe2
34. Na3 Qxf2+ 0-1